[Event "MNT-ch 77th"]
[Site "Podgorica"]
[Date "2025.02.09"]
[Round "11"]
[White "Kalac, Hajran"]
[Black "Koljevic, Nikolina"]
[Result "0-1"]
[WhiteElo "1837"]
[BlackElo "2014"]
[PlyCount "132"]
[EventDate "2025.01.31"]
[EventType "swiss"]
[EventRounds "11"]
[EventCountry "MNE"]
[SourceTitle "CB07_2025"]
[SourceDate "2025.02.12"]
[SourceVersion "1"]
[SourceVersionDate "2025.02.12"]
[SourceQuality "1"]

1. e4 c5 2. c3 d5 3. exd5 Qxd5 4. d4 Nc6 5. Nf3 Bf5 6. Na3 e6 7. Be3 Nf6 8. Bc4 Qd7 9. 0-0 a6 10. dxc5 Qxd1 11. Rfxd1 Ne4 12. Nh4 Bg6 13. Nxg6 hxg6 14. b4 Nxc3 15. Rd3 Ne4 16. Nc2 Nf6 17. h3 Rh4 18. f4 g5 19. Rf1 gxf4 20. Rxf4 Rxf4 21. Bxf4 Nxb4 22. Nxb4 Bxc5+ 23. Kf1 Bxb4 24. Rb3 b5 25. Rxb4 bxc4 26. Rxc4 Nd5 27. Ra4 Rc8 28. Bd2 Rc2 29. Ke1 Nc7 30. Ba5 Nd5 31. Bd2 Rc6 32. Ke2 Kd7 33. a3 e5 34. g4 Ke6 35. Kd3 g6 36. h4 f5 37. gxf5+ Kxf5 38. Ra5 Nf4+ 39. Ke3 Ng2+ 40. Kf3 Nxh4+ 41. Kg3 g5 42. Bxg5 Kxg5 43. Rxe5+ Kf6 44. Ra5 Nf5+ 45. Kf4 Nd6 46. Kf3 Ke6 47. Ke2 Nc4 48. Ra4 Kd5 49. Ke1 Re6+ 50. Kf2 a5 51. Kf3 Kc5 52. Kf4 Kb5 53. Rxa5+ Kxa5 54. Kf5 Re3 55. Kf4 Rxa3 56. Ke4 Nd2+ 57. Kd4 Kb5 58. Kd5 Rd3+ 59. Ke5 Kc5 60. Kf4 Kd5 61. Kf5 Rf3+ 62. Kg6 Ke5 63. Kg7 Ke6 64. Kg8 Rf7 65. Kh8 Ne4 66. Kg8 Nf6+ 0-1

[Event "MNT-ch 77th"]
[Site "Podgorica"]
[Date "2025.02.05"]
[Round "7"]
[White "Koljevic, Nikolina"]
[Black "Kandic, Milojko"]
[Result "0-1"]
[WhiteElo "2014"]
[BlackElo "2010"]
[PlyCount "74"]
[EventDate "2025.01.31"]
[EventType "swiss"]
[EventRounds "11"]
[EventCountry "MNE"]
[SourceTitle "CB07_2025"]
[SourceDate "2025.02.12"]
[SourceVersion "1"]
[SourceVersionDate "2025.02.12"]
[SourceQuality "1"]

1. e4 d5 2. exd5 Nf6 3. d4 Nxd5 4. c4 Nf6 5. Nc3 c5 6. d5 g6 7. Be3 b6 8. Be2 Bb7 9. Bf3 Nbd7 10. Bf4 Bg7 11. h4 h5 12. Nh3 0-0 13. Ng5 Nh7 14. Rh3 Ne5 15. Bxe5 Nxg5 16. Bxg7 Nxf3+ 17. Qxf3 Kxg7 18. Ne4 Bc8 19. Rg3 Bg4 20. Qc3+ f6 21. Ng5 Qd6 22. Re3 Kg8 23. Ne4 Qh2 24. Ng3 Qg1+ 25. Nf1 Qxg2 26. Rxe7 Rae8 27. Qe3 Rxe7 28. Qxe7 Qf3 29. Qe3 Qh1 30. Kd2 Qxh4 31. Ng3 Bd7 32. Rh1 Qxc4 33. Qf3 Bg4 34. Qe4 Qxe4 35. Nxe4 Bf3 36. Re1 Bxe4 37. Rxe4 Rd8 0-1

[Event "MNT-ch 77th"]
[Site "Podgorica"]
[Date "2025.02.02"]
[Round "4"]
[White "Milovic, Radovan"]
[Black "Koljevic, Nikolina"]
[Result "0-1"]
[WhiteElo "1677"]
[BlackElo "2014"]
[PlyCount "58"]
[EventDate "2025.01.31"]
[EventType "swiss"]
[EventRounds "11"]
[EventCountry "MNE"]
[SourceTitle "CB07_2025"]
[SourceDate "2025.02.12"]
[SourceVersion "1"]
[SourceVersionDate "2025.02.12"]
[SourceQuality "1"]

1. e4 c5 2. Nc3 Nc6 3. f4 g6 4. Nf3 Bg7 5. Bb5 Nd4 6. 0-0 a6 7. Be2 e6 8. Rb1 Qa5 9. e5 Ne7 10. d3 h5 11. Bd2 Nef5 12. Ne4 Qb6 13. Kh1 d5 14. Nxd4 cxd4 15. Ng5 Bd7 16. c3 Rc8 17. Qe1 Bf8 18. cxd4 Qxd4 19. Nf3 Qa7 20. Bc3 Bc5 21. Bb4 Bb6 22. Ba5 Be3 23. Bd2 h4 24. Bxe3 Qxe3 25. Ng1 Rc2 26. Bf3 Ng3+ 27. hxg3 hxg3+ 28. Nh3 Rxh3+ 29. gxh3 Rh2# 0-1

[Event "MNT-ch 77th"]
[Site "Podgorica"]
[Date "2025.02.01"]
[Round "2"]
[White "Djukic, Katarina"]
[Black "Koljevic, Nikolina"]
[Result "0-1"]
[WhiteElo "1786"]
[BlackElo "2014"]
[PlyCount "94"]
[EventDate "2025.01.31"]
[EventType "swiss"]
[EventRounds "11"]
[EventCountry "MNE"]
[SourceTitle "CB07_2025"]
[SourceDate "2025.02.12"]
[SourceVersion "1"]
[SourceVersionDate "2025.02.12"]
[SourceQuality "1"]

1. e4 c5 2. Nf3 d6 3. d4 cxd4 4. Nxd4 Nf6 5. Nc3 Nc6 6. f3 e5 7. Nb3 Be7 8. Be3 0-0 9. Qd2 a5 10. Bb5 Na7 11. Bxa7 Rxa7 12. 0-0-0 Be6 13. a4 Nd7 14. Kb1 Nb6 15. Qe2 Qc7 16. g4 Rd8 17. Nd5 Nxd5 18. exd5 Bd7 19. h4 Bxb5 20. Qxb5 Rc8 21. c3 Qc4 22. Qxc4 Rxc4 23. Nd2 Rxa4 24. b3 Rf4 25. Rdf1 Ra8 26. Ne4 f5 27. gxf5 Rxf5 28. Rhg1 Raf8 29. Rg3 Bxh4 30. Rg4 Be7 31. Rfg1 g6 32. Nd2 Rf4 33. R4g3 b5 34. Kc2 Bh4 35. R3g2 Kf7 36. Ra1 Ra8 37. b4 a4 38. Rgg1 h5 39. Kd3 Be7 40. Ke2 h4 41. Rh1 g5 42. c4 Rd4 43. cxb5 Rxd5 44. b6 Rb5 45. Nc4 Ke6 46. Rhb1 d5 47. Na3 Rxb6 0-1

[Event "Olympiad Women-45"]
[Site "Budapest"]
[Date "2024.09.19"]
[Round "8.4"]
[White "Koljevic, Nikolina"]
[Black "Nassr, Rania"]
[Result "1-0"]
[WhiteElo "2030"]
[BlackElo "1866"]
[PlyCount "79"]
[EventDate "2024.09.11"]
[EventType "team-swiss"]
[EventRounds "11"]
[EventCountry "HUN"]
[SourceTitle "EXT 2025"]
[Source "ChessBase"]
[SourceDate "2024.10.14"]
[SourceVersion "1"]
[SourceVersionDate "2024.10.14"]
[SourceQuality "1"]
[WhiteTeam "Montenegro (W)"]
[BlackTeam "Algeria (W)"]
[WhiteTeamCountry "MNE"]
[BlackTeamCountry "ALG"]

1. e4 c5 2. Nf3 e6 3. d4 cxd4 4. Nxd4 Nc6 5. Nc3 Nf6 6. Nxc6 dxc6 7. Qxd8+ Kxd8 8. Bg5 Bd6 9. 0-0-0 Ke7 10. f4 h6 11. e5 hxg5 12. exd6+ Kd7 13. fxg5 Nd5 14. Ne4 Rh4 15. Re1 f5 16. gxf6 Nxf6 17. Nxf6+ gxf6 18. Rd1 b5 19. g3 Rh5 20. Bg2 Bb7 21. g4 Rg5 22. Bf3 Rh8 23. h4 Rg6 24. a4 a6 25. b3 Ba8 26. h5 Rgh6 27. Rhf1 c5 28. Bxa8 Rxa8 29. g5 Rxh5 30. Rxf6 Rxg5 31. Rf7+ Kc6 32. Rc7+ Kb6 33. a5+ Kxa5 34. Rb7 Rd5 35. c3 Rd8 36. d7 Rg8 37. Rd2 Rg1+ 38. Kc2 Rg8 39. b4+ cxb4 40. Kb3 1-0

[Event "Cetinje Dragasevic Memorial"]
[Site "Cetinje"]
[Date "2024.06.24"]
[Round "4"]
[White "Koljevic, Nikolina"]
[Black "Pogorelskikh, Sofia"]
[Result "1/2-1/2"]
[WhiteElo "2010"]
[BlackElo "2216"]
[PlyCount "136"]
[EventDate "2024.06.22"]
[EventType "swiss"]
[EventRounds "9"]
[EventCountry "MNE"]
[SourceTitle "CBM 220 Extra"]
[Source "ChessBase"]
[SourceDate "2024.07.31"]
[SourceVersion "1"]
[SourceVersionDate "2024.07.31"]
[SourceQuality "1"]

1. e4 c5 2. Nf3 Nc6 3. Bb5 g6 4. 0-0 Bg7 5. Re1 e5 6. a3 Nge7 7. b4 d6 8. Nc3 0-0 9. h3 h6 10. Bc4 Nd4 11. Nxd4 exd4 12. Nd5 Be6 13. d3 Bxd5 14. Bxd5 Nxd5 15. exd5 Qd7 16. Bf4 Rfc8 17. Qd2 g5 18. Bh2 cxb4 19. axb4 Rc3 20. Qe2 Qf5 21. Bxd6 Qxd5 22. Bg3 a6 23. f4 Rac8 24. Rec1 Qc6 25. fxg5 hxg5 26. Ra5 Rxc2 27. Rxc2 Qxc2 28. Qxc2 Rxc2 29. Rxg5 Kh7 30. Rg4 Rc6 31. Rh4+ Kg8 32. Kf1 Rb6 33. Be1 Rb5 34. Re4 f5 35. Re8+ Kf7 36. Rc8 Ke6 37. h4 Bf6 38. g3 Rd5 39. Ke2 Re5+ 40. Kf2 Re3 41. Re8+ Be7 42. Bd2 Kf7 43. Rb8 Rxd3 44. Bg5 Bxg5 45. hxg5 Kg6 46. Rxb7 Kxg5 47. Rg7+ Kf6 48. Ra7 Rb3 49. Rxa6+ Ke5 50. Rb6 Ke4 51. Re6+ Kd3 52. Re5 Kc2 53. Rc5+ Kd1 54. b5 d3 55. Rxf5 d2 56. Rc5 Rb4 57. Rd5 Rb2 58. g4 Kc1 59. Kf3 Rxb5 60. Rd6 d1Q+ 61. Rxd1+ Kxd1 62. Kf4 Ke2 63. g5 Rb4+ 64. Kf5 Kf3 65. g6 Rb5+ 66. Kf6 Kf4 67. g7 Rb8 68. Kf7 Rb7+ 1/2-1/2

[Event "Pristina Balkan op-A"]
[Site "Pristina"]
[Date "2024.06.17"]
[Round "6"]
[White "Koljevic, Nikolina"]
[Black "Musovic, Armin"]
[Result "0-1"]
[WhiteElo "2010"]
[BlackElo "2223"]
[PlyCount "106"]
[EventDate "2024.06.14"]
[EventType "swiss"]
[EventRounds "9"]
[EventCountry "KOS"]
[SourceTitle "CBM 220 Extra"]
[Source "ChessBase"]
[SourceDate "2024.07.31"]
[SourceVersion "1"]
[SourceVersionDate "2024.07.31"]
[SourceQuality "1"]

1. e4 c6 2. d4 g6 3. h4 d5 4. Nc3 dxe4 5. Nxe4 Bg7 6. c3 Nf6 7. Ng3 e5 8. Bg5 exd4 9. Qxd4 Qxd4 10. cxd4 0-0 11. Bc4 Re8+ 12. N1e2 Nbd7 13. 0-0-0 Ng4 14. Bb3 Nb6 15. Nc3 Be6 16. Bxe6 Rxe6 17. Rhf1 h6 18. Bf4 Rd8 19. Nge2 Nd5 20. Rd2 Nxf4 21. Nxf4 Red6 22. d5 Bxc3 23. bxc3 g5 24. hxg5 hxg5 25. Nh5 Rxd5 26. Re2 Rf5 27. f3 Ne5 28. Ng3 Nd3+ 29. Kc2 Rb5 30. c4 Ra5 31. Kb3 Nc5+ 32. Kb2 Ra4 33. f4 gxf4 34. Nh5 Rxc4 35. Rc2 Nd3+ 36. Kb3 Rxc2 37. Kxc2 Nb4+ 38. Kb3 Nd5 39. Nxf4 Nxf4 40. Rxf4 Rd3+ 41. Kc4 Rg3 42. Rf2 Rg5 43. Rb2 b6 44. Rd2 Kf8 45. Re2 Rg4+ 46. Kb3 a5 47. Rc2 b5 48. Rxc6 Rg3+ 49. Kb2 Rxg2+ 50. Kb3 Rg3+ 51. Kb2 Rg5 52. Ra6 b4 53. Kb3 Rg3+ 0-1

[Event "Pristina Balkan op-A"]
[Site "Pristina"]
[Date "2024.06.14"]
[Round "1"]
[White "Koljevic, Nikolina"]
[Black "Djakovac, Enes"]
[Result "1/2-1/2"]
[WhiteElo "2010"]
[BlackElo "2143"]
[PlyCount "123"]
[EventDate "2024.06.14"]
[EventType "swiss"]
[EventRounds "9"]
[EventCountry "KOS"]
[SourceTitle "CBM 220 Extra"]
[Source "ChessBase"]
[SourceDate "2024.07.31"]
[SourceVersion "1"]
[SourceVersionDate "2024.07.31"]
[SourceQuality "1"]

1. e4 Nc6 2. Nc3 e5 3. Nf3 Bc5 4. Nxe5 Bxf2+ 5. Kxf2 Nxe5 6. d4 Nc6 7. Be3 d6 8. Be2 Nge7 9. Rf1 d5 10. Kg1 0-0 11. Bd3 Nb4 12. Bg5 f6 13. Bh4 Nxd3 14. Qxd3 dxe4 15. Qc4+ Kh8 16. Nxe4 Nf5 17. Bf2 Re8 18. Nc3 Nd6 19. Qb3 Be6 20. d5 Bf7 21. Bg3 Ne4 22. Nxe4 Bxd5 23. Qc3 Bxe4 24. Rad1 Qe7 25. Qxc7 Qxc7 26. Bxc7 Rac8 27. Ba5 Rxc2 28. Rf2 Rcc8 29. Re2 Kg8 30. Bc3 Bc6 31. Rxe8+ Rxe8 32. Kf2 Kf7 33. Re1 h5 34. Rxe8 Bxe8 35. h4 Ke6 36. g3 Kf5 37. Bd4 a5 38. Bb6 a4 39. a3 Ke4 40. Ba5 Bb5 41. Bb4 Kd3 42. Kf3 g5 43. Bc3 Bc6+ 44. Kf2 gxh4 45. gxh4 f5 46. Bf6 f4 47. Bg7 Bd5 48. Bh8 b5 49. Bg7 Kc2 50. Be5 Kb3 51. Bc3 Be4 52. Be5 Bd5 53. Bc3 b4 54. Bxb4 Kxb2 55. Bc5 Be4 56. Bd6 Kb3 57. Be7 Kc4 58. Bf8 Kd5 59. Bb4 Ke5 60. Be7 Kf5 61. Bd8 Kg4 62. Be7 1/2-1/2

[Event "MNE-ch 76th"]
[Site "Podgorica"]
[Date "2024.02.14"]
[Round "10"]
[White "Koljevic, Nikolina"]
[Black "Popovic, Mateja"]
[Result "0-1"]
[WhiteElo "1974"]
[BlackElo "1880"]
[PlyCount "64"]
[EventDate "2024.02.06"]
[EventType "swiss"]
[EventRounds "11"]
[EventCountry "MNE"]
[SourceTitle "CBM 218 Extra"]
[Source "ChessBase"]
[SourceDate "2024.03.31"]
[SourceVersion "1"]
[SourceVersionDate "2024.03.31"]
[SourceQuality "1"]

1. e4 c5 2. Nf3 e6 3. d4 cxd4 4. Nxd4 Nc6 5. Nc3 Qc7 6. Be3 a6 7. Qf3 Nf6 8. 0-0-0 Ne5 9. Qg3 b5 10. Nf3 d6 11. Nxe5 dxe5 12. f3 Bd7 13. Bd4 Bd6 14. Be3 0-0 15. Bh6 Ne8 16. h4 b4 17. Nb1 Rc8 18. Rd2 f5 19. h5 f4 20. Qg4 Kh8 21. Bxg7+ Nxg7 22. h6 Ne8 23. Bxa6 Ra8 24. Bc4 Rg8 25. Qh4 Bc5 26. Kd1 Be3 27. Rd3 Qxc4 28. Rxd7 Rxg2 29. Nd2 Qxa2 30. c4 Qxc4 31. Rxh7+ Kxh7 32. Qe7+ Kg6 0-1

[Event "MNE-ch 76th"]
[Site "Podgorica"]
[Date "2024.02.08"]
[Round "3"]
[White "Koljevic, Nikolina"]
[Black "Draganic, Veljko"]
[Result "1/2-1/2"]
[WhiteElo "1974"]
[BlackElo "2323"]
[PlyCount "180"]
[EventDate "2024.02.06"]
[EventType "swiss"]
[EventRounds "11"]
[EventCountry "MNE"]
[SourceTitle "CBM 218 Extra"]
[Source "ChessBase"]
[SourceDate "2024.03.31"]
[SourceVersion "1"]
[SourceVersionDate "2024.03.31"]
[SourceQuality "1"]

1. e4 c6 2. d4 d5 3. e5 c5 4. dxc5 e6 5. Be3 Nd7 6. Bb5 Qc7 7. Nf3 Bxc5 8. Bxc5 Qxc5 9. Qe2 Ne7 10. 0-0 Nc6 11. Nc3 0-0 12. a3 Nd4 13. Nxd4 Qxd4 14. Rfe1 Qb6 15. Rab1 a6 16. Bxd7 Bxd7 17. Na2 Rac8 18. Nb4 Rc7 19. c3 Ba4 20. Qe3 Qxe3 21. Rxe3 a5 22. Nd3 Rfc8 23. Rbe1 h6 24. Nf4 Bb5 25. Ne2 Bxe2 26. R3xe2 b5 27. Re3 Rc4 28. Kf1 Kf8 29. Rd1 b4 30. cxb4 axb4 31. Ke2 bxa3 32. bxa3 g5 33. Rd2 Kg7 34. f3 h5 35. Rb3 Kg6 36. Kd3 R8c7 37. Ra2 Ra7 38. Rc3 Rca4 39. Kc2 Kf5 40. Re3 Kf4 41. Kd2 h4 42. Ke2 Rc4 43. Kf2 Rac7 44. Ree2 Kf5 45. Rad2 Rc3 46. g4+ hxg3+ 47. hxg3 Rxa3 48. g4+ Kg6 49. Ra2 Rcc3 50. Rxa3 Rxa3 51. Rb2 Ra6 52. Rb8 Kg7 53. Rb7 Ra2+ 54. Ke3 Ra3+ 55. Ke2 Kg6 56. Re7 Ra6 57. Ke3 Ra4 58. Re8 Kg7 59. Re7 Kf8 60. Rb7 Ra3+ 61. Ke2 Kg7 62. Re7 d4 63. Rd7 Re3+ 64. Kf2 Rxe5 65. Rxd4 Kf6 66. Ra4 Rd5 67. Re4 Ra5 68. Kg3 Ra2 69. Re1 Rd2 70. Re4 Ke7 71. Ra4 Re2 72. Ra5 Kf6 73. Ra8 Kg7 74. Ra7 Kg6 75. Ra8 f5 76. gxf5+ exf5 77. Rg8+ Kh6 78. Rf8 f4+ 79. Kg4 Kg6 80. Rg8+ Kf6 81. Rf8+ Kg7 82. Ra8 Rg2+ 83. Kf5 Rg3 84. Ra6 Rxf3 85. Kxg5 Rf1 86. Rg6+ Kh7 87. Rh6+ Kg7 88. Rg6+ Kf7 89. Rf6+ Ke7 90. Rxf4 Rxf4 1/2-1/2

[Event "Skopje op-A"]
[Site "Skopje"]
[Date "2023.12.12"]
[Round "9"]
[White "Nikolovski, Kiril"]
[Black "Koljevic, Nikolina"]
[Result "1-0"]
[WhiteElo "1740"]
[BlackElo "2039"]
[PlyCount "91"]
[EventDate "2023.12.06"]
[EventType "swiss"]
[EventRounds "9"]
[EventCountry "MKD"]
[SourceTitle "EXT 2025"]
[Source "ChessBase"]
[SourceDate "2024.10.14"]
[SourceVersion "1"]
[SourceVersionDate "2024.10.14"]
[SourceQuality "1"]

1. e4 c6 2. d4 d5 3. exd5 cxd5 4. Bd3 Nc6 5. c3 Nf6 6. Bf4 Bg4 7. Qb3 Qc8 8. Nd2 e6 9. Ngf3 Be7 10. 0-0 a6 11. h3 Bxf3 12. Nxf3 0-0 13. Rfe1 b5 14. a3 Qb7 15. Ne5 Na5 16. Qd1 Nc4 17. Qe2 Rfc8 18. Rab1 a5 19. Bg5 Rab8 20. Nxf7 Kxf7 21. Qxe6+ Kf8 22. Bxh7 Rc6 23. Qf5 Nd6 24. Qf3 Nf7 25. Bf4 Nxh7 26. Bxb8 Qxb8 27. Qxd5 Rd6 28. Qe4 Bg5 29. Qxh7 g6 30. Re2 Bf4 31. Re4 Rf6 32. Rbe1 Bh2+ 33. Kh1 Bd6 34. Re8+ Qxe8 35. Rxe8+ Kxe8 36. Qg8+ Ke7 37. Kg1 a4 38. Qa8 Rf5 39. g4 Rf4 40. Qb7+ Kf6 41. Qxb5 Ng5 42. Kg2 Ne4 43. f3 Nd2 44. Qd7 Nc4 45. Qc6 Ne3+ 46. Kf2 1-0

[Event "MNE-ch (Women)"]
[Site "Podgorica"]
[Date "2023.12.02"]
[Round "5"]
[White "Bogachkova, Alena"]
[Black "Koljevic, Nikolina"]
[Result "1-0"]
[WhiteElo "2115"]
[BlackElo "2067"]
[PlyCount "39"]
[EventDate "2023.11.29"]
[EventType "swiss"]
[EventRounds "7"]
[EventCountry "MNE"]
[SourceTitle "CBM 217 Extra"]
[Source "ChessBase"]
[SourceDate "2024.01.31"]
[SourceVersion "1"]
[SourceVersionDate "2024.01.31"]
[SourceQuality "1"]

1. e4 c6 2. d4 d5 3. e5 Bf5 4. h4 h6 5. g4 Be4 6. f3 Bh7 7. e6 Nf6 8. Nc3 Qd6 9. exf7+ Kxf7 10. Be3 e5 11. Qd2 exd4 12. Bxd4 Qg3+ 13. Bf2 Qe5+ 14. Nge2 c5 15. 0-0-0 d4 16. Nxd4 cxd4 17. Bc4+ Ke8 18. Rhe1 Ne4 19. Nxe4 Be7 20. Bg3 1-0

[Event "EU-chT (Women) 24th"]
[Site "Budva"]
[Date "2023.11.19"]
[Round "8.16"]
[White "Koljevic, Nikolina"]
[Black "Paasikangas Tella, Johanna"]
[Result "1/2-1/2"]
[WhiteElo "2067"]
[BlackElo "2044"]
[PlyCount "91"]
[EventDate "2023.11.11"]
[EventType "team-swiss"]
[EventRounds "9"]
[EventCountry "MNE"]
[SourceTitle "CBM 217 Extra"]
[Source "ChessBase"]
[SourceDate "2024.01.31"]
[SourceVersion "1"]
[SourceVersionDate "2024.01.31"]
[SourceQuality "1"]
[WhiteTeam "Montenegro (W)"]
[BlackTeam "Finland (W)"]
[WhiteTeamCountry "MNE"]
[BlackTeamCountry "FIN"]

1. e4 c5 2. Nf3 d6 3. d4 cxd4 4. Nxd4 Nf6 5. Nc3 Nc6 6. Be3 a6 7. f3 e6 8. Qd2 Bd7 9. 0-0-0 Nxd4 10. Bxd4 Bc6 11. g4 Qa5 12. Kb1 b5 13. Nd5 Qxd2 14. Nxf6+ gxf6 15. Rxd2 Ke7 16. g5 e5 17. gxf6+ Kxf6 18. Bf2 Ke7 19. Bh4+ f6 20. c4 Rg8 21. cxb5 Bxb5 22. Bxb5 axb5 23. Rc2 Ke6 24. Rc7 Be7 25. Rb7 Rab8 26. Rxb8 Rxb8 27. Rg1 Bf8 28. Kc2 f5 29. Kd3 Rc8 30. Rg8 Kf7 31. Rg5 fxe4+ 32. fxe4 Rc4 33. Rf5+ Ke8 34. Bf2 Rc7 35. Rh5 Rf7 36. Be3 Kd7 37. a3 Ke6 38. b3 d5 39. exd5+ Kxd5 40. a4 bxa4 41. bxa4 Bb4 42. Bb6 Rf3+ 43. Ke2 Ra3 44. Bc7 Rxa4 45. Bxe5 Ke4 46. Bc7 1/2-1/2

[Event "EU-ch (Women) 23rd"]
[Site "Petrovac"]
[Date "2023.03.29"]
[Round "11"]
[White "Koljevic, Nikolina"]
[Black "Zhapova, Yana"]
[Result "1/2-1/2"]
[WhiteElo "2042"]
[BlackElo "2269"]
[PlyCount "32"]
[EventDate "2023.03.18"]
[EventType "swiss"]
[EventRounds "11"]
[EventCountry "MNE"]
[SourceTitle "CBM 213 Extra"]
[Source "ChessBase"]
[SourceDate "2023.05.31"]
[SourceVersion "1"]
[SourceVersionDate "2023.05.31"]
[SourceQuality "1"]

1. e4 c6 2. d4 d5 3. e5 Bf5 4. h4 h5 5. c4 e6 6. Nc3 dxc4 7. Bxc4 Nd7 8. Nf3 Bg4 9. Be2 Nh6 10. Qb3 Qb6 11. Qxb6 Nxb6 12. Ng1 Bxe2 13. Ngxe2 Nf5 14. Bg5 Be7 15. 0-0-0 0-0-0 16. Bxe7 Nxe7 1/2-1/2

[Event "MNT-ch 75th"]
[Site "Podgorica"]
[Date "2023.02.07"]
[Round "3"]
[White "Vujosevic, Vladimir"]
[Black "Koljevic, Nikolina"]
[Result "1-0"]
[WhiteElo "2345"]
[BlackElo "2050"]
[PlyCount "53"]
[EventDate "2023.02.05"]
[EventType "swiss"]
[EventRounds "9"]
[EventCountry "MNE"]
[SourceTitle "CBM 212 Extra"]
[Source "ChessBase"]
[SourceDate "2023.03.31"]
[SourceVersion "1"]
[SourceVersionDate "2023.03.31"]
[SourceQuality "1"]

1. e4 e5 2. Nf3 Nf6 3. d3 Nc6 4. c3 d5 5. Nbd2 a5 6. Be2 Bc5 7. 0-0 0-0 8. Qc2 h6 9. b3 Bg4 10. h3 Bh5 11. Bb2 Bg6 12. a3 Nh5 13. Rfe1 Re8 14. b4 Ba7 15. b5 Nb8 16. c4 dxe4 17. dxe4 Nd7 18. Bc3 Qe7 19. Nf1 Nf4 20. Ng3 f6 21. Bf1 Bf7 22. Nf5 Qf8 23. g3 Bh5 24. gxf4 Bxf3 25. Qd3 Bxe4 26. Qxe4 Qc5 27. Qg2 1-0

[Event "MNT-ch (Women)"]
[Site "Podgorica"]
[Date "2022.12.04"]
[Round "4"]
[White "Koljevic, Nikolina"]
[Black "Milovic, Aleksandra"]
[Result "1/2-1/2"]
[WhiteElo "2056"]
[BlackElo "2118"]
[PlyCount "152"]
[EventDate "2022.12.01"]
[EventType "swiss"]
[EventRounds "7"]
[EventCountry "MNE"]
[SourceTitle "EXT 2024"]
[Source "ChessBase"]
[SourceDate "2023.10.10"]
[SourceVersion "1"]
[SourceVersionDate "2023.10.10"]
[SourceQuality "1"]

1. e4 c5 2. Nf3 e6 3. Nc3 Nc6 4. Bb5 Nd4 5. 0-0 a6 6. Bd3 b5 7. Nxd4 cxd4 8. Ne2 Qb6 9. b3 g6 10. c3 dxc3 11. dxc3 Bg7 12. Be3 Qc7 13. a4 bxa4 14. Rxa4 Ne7 15. Qa1 0-0 16. Bxa6 Bxa6 17. Rxa6 Qb7 18. Rxa8 Rxa8 19. Qb1 Ra3 20. b4 d5 21. Rd1 h5 22. Qc1 Ra2 23. Rd2 Rxd2 24. Qxd2 dxe4 25. h3 Nd5 26. Bc5 Qa6 27. Qb2 Qd3 28. b5 Qd1+ 29. Kh2 Be5+ 30. g3 h4 31. Bd4 e3 32. fxe3 Bxd4 33. exd4 Ne3 34. gxh4 Qf1 35. Ng3 Qf3 36. Qe2 Qf4 37. b6 Nf5 38. Qe1 Nxh4 39. Qf1 Qb8 40. Qb5 Nf5 41. Qe5 Qxb6 42. Nxf5 exf5 43. Kg3 Qa6 44. Kf2 f6 45. Qd5+ Kg7 46. h4 Qd3 47. Qf3 Qd2+ 48. Kg3 Qe1+ 49. Kh3 Qb1 50. Kg2 g5 51. hxg5 fxg5 52. Qg3 Qc2+ 53. Kh3 Qe2 54. Qxg5+ Kh8 55. Qf6+ Kg8 56. Qd8+ Kf7 57. Qd5+ Kf6 58. Qc6+ Kf7 59. Qc7+ Kf6 60. Qd8+ Kf7 61. Qd7+ Kf6 62. Qd6+ Kf7 63. Qg3 Kf6 64. Qh4+ Kg6 65. Qf4 Kf6 66. Qh6+ Kf7 67. Qh7+ Kf6 68. Qh8+ Kf7 69. Qh7+ Kf6 70. Qh6+ Kf7 71. Qf4 Qd3+ 72. Qg3 Qe4 73. Qc7+ Kf6 74. Qd8+ Kf7 75. Qd7+ Kf6 76. Qd8+ Kf7 1/2-1/2

[Event "Olympiad Women-44"]
[Site "Chennai"]
[Date "2022.08.08"]
[Round "10.2"]
[White "Tuominen, Tanja"]
[Black "Koljevic, Nikolina"]
[Result "1-0"]
[WhiteElo "2080"]
[BlackElo "2014"]
[PlyCount "61"]
[EventDate "2022.07.29"]
[EventType "team-swiss"]
[EventRounds "11"]
[EventCountry "IND"]
[SourceTitle "CBM 210"]
[Source "ChessBase"]
[SourceDate "2022.10.31"]
[SourceVersion "1"]
[SourceVersionDate "2022.10.31"]
[SourceQuality "1"]
[WhiteTeam "Finland (W)"]
[BlackTeam "Montenegro (W)"]
[WhiteTeamCountry "FIN"]
[BlackTeamCountry "MNE"]

1. e4 c6 2. d4 d5 3. exd5 cxd5 4. Bd3 Nc6 5. c3 Qc7 6. h3 g6 7. Ne2 Bf5 8. Bxf5 gxf5 9. Bf4 Qd7 10. 0-0 Nf6 11. Nd2 e6 12. Re1 Bd6 13. Bxd6 Qxd6 14. c4 Rg8 15. Qb3 0-0-0 16. Rac1 Kb8 17. c5 Qe7 18. Qa4 Nh5 19. Nf3 Rg6 20. Ne5 Nxe5 21. dxe5 Rc8 22. c6 b6 23. c7+ Rxc7 24. Rxc7 Qxc7 25. Rc1 Qe7 26. Rc3 Rg8 27. Nd4 Qb7 28. Nc6+ Ka8 29. Ra3 a6 30. Qb5 a5 31. Rxa5+ 1-0

[Event "Olympiad Women-44"]
[Site "Chennai"]
[Date "2022.08.05"]
[Round "7.2"]
[White "Lubuuto, Bwalya Mulwale"]
[Black "Koljevic, Nikolina"]
[Result "1/2-1/2"]
[WhiteElo "1751"]
[BlackElo "2014"]
[PlyCount "178"]
[EventDate "2022.07.29"]
[EventType "team-swiss"]
[EventRounds "11"]
[EventCountry "IND"]
[SourceTitle "CBM 210"]
[Source "ChessBase"]
[SourceDate "2022.10.31"]
[SourceVersion "1"]
[SourceVersionDate "2022.10.31"]
[SourceQuality "1"]
[WhiteTeam "Zambia (W)"]
[BlackTeam "Montenegro (W)"]
[WhiteTeamCountry "ZAM"]
[BlackTeamCountry "MNE"]

1. d4 Nf6 2. Nf3 e6 3. Bf4 d5 4. e3 Bd6 5. Bg3 0-0 6. Bd3 b6 7. Nbd2 Bb7 8. c3 c5 9. Qe2 Ne4 10. Bxd6 Qxd6 11. h4 f5 12. Ng5 Nd7 13. Bxe4 fxe4 14. 0-0-0 cxd4 15. exd4 b5 16. f3 b4 17. cxb4 Qxb4 18. fxe4 Qxd4 19. Nb3 Qf2 20. Qxf2 Rxf2 21. Rd2 Rxd2 22. Nxd2 Nc5 23. Rh3 h6 24. b4 Na6 25. Nxe6 Re8 26. Nc5 Nxc5 27. bxc5 dxe4 28. Re3 Re5 29. Nb3 a5 30. Kb2 a4 31. Na5 Ba8 32. Ka3 Rxc5 33. Kxa4 Rc2 34. g3 Rxa2+ 35. Kb4 Rf2 36. Kc3 Kf7 37. Nb3 Ke6 38. Nc5+ Kf5 39. Kd4 Rd2+ 40. Kc3 Rd1 41. Kc2 Rd6 42. Kc3 Ke5 43. Nb3 Rc6+ 44. Kd2 Ra6 45. Nc1 Bd5 46. Rc3 Ra7 47. Ne2 Rf7 48. Nf4 g5 49. hxg5 hxg5 50. Ne2 Rd7 51. Ke3 Kf5 52. Rc5 Kg4 53. Nc3 Bb7 54. Nxe4 Bxe4 55. Kxe4 Re7+ 56. Kd4 Re1 57. Kd3 Rg1 58. Ke2 Rg2+ 59. Kf1 Rxg3 60. Kf2 Rf3+ 61. Kg2 Rf4 62. Rc3 Rb4 63. Rg3+ Kf4 64. Rf3+ Ke4 65. Rc3 Kf4 66. Rf3+ Ke5 67. Kg3 Rb1 68. Kg2 Rd1 69. Re3+ Kf5 70. Rf3+ Ke4 71. Ra3 Re1 72. Ra5 Kf4 73. Ra4+ Kf5 74. Ra5+ Kg4 75. Ra4+ Kh5 76. Ra8 Re3 77. Ra5 Rb3 78. Rc5 Kh4 79. Rc4+ g4 80. Rc2 Ra3 81. Rb2 Ra4 82. Rc2 Kg5 83. Rf2 Rb4 84. Kh2 Kh4 85. Kg2 g3 86. Rc2 Kg4 87. Ra2 Rb3 88. Ra4+ Kf5 89. Ra5+ Ke4 1/2-1/2